| 000 | 00888cab a22001935a 4500 | ||
|---|---|---|---|
| 001 | L152683 | ||
| 008 | 110412e2011 xxk 000 0 eng d | ||
| 035 | _a(Sirsi) u152683 | ||
| 041 | 0 | _aeng | |
| 110 | 2 |
_aProperty Week _91549 |
|
| 245 | 0 | 0 | _aPrime yields unchanged in March |
| 260 | _c2011 | ||
| 490 | 0 |
_aProperty Week _v77(14) 8 April 2011, 36(1) |
|
| 520 | _aCushman & Wakefield's latest monthly property investment market update shows prime yields unchanged in March at 5.68%, 199 basis points higher than 10-year government bonds. No change was recorded across all 25 subsectors. Markets have stabilised at yield levels last seen in the first half of 2008. Table covers current and historic prime yields across all subsectors. | ||
| 590 | _aKA | ||
| 651 | 4 |
_aUnited Kingdom _y |
|
| 690 | _aPROPERTY-COMMERCIAL PROPERTY-COMMERCIAL PROPERTY FINANCE AND INVESTMENT | ||
| 942 | _n0 | ||
| 999 |
_c83059 _d83059 |
||